00583nai a2200157Ia 4500003000900000008004100009022002200050022002300072040001600095245008900111260003400200310001200234362002600246521006900272856008400341IN-BaIIA211028c9999 xx s 000 0 eng d a1043-3074 (Print) a1097-0347 (Online) cIIA Library 0aHead & Neck: Journal For The Sciences & Specialties Of The Head And Neckh[eJournal] aNew JerseybJohn Wiley & Sons aMonthly a18(1); 1996 - Present bSubscribed through National Knowledge Resource Consortium (NKRC) uhttps://onlinelibrary.wiley.com/journal/10970347yClick Here to Access eJournal